[Event "AUTO-ADV-2515"]
[Site "http://www.queenalice.com/game.php?id=1104033"]
[Date "2012.9.18"]
[Round "2"]
[White "Corvidae"]
[Black "amattar"]
[Result "1/2-1/2"]
[WhiteElo "1896"]
[BlackElo "1824"]

1. e4 c5 2. Nf3 a6 3. c3 d5 4. exd5 Qxd5 5. d4 Bg4 6. Be2 Nc6 7. O-O Nf6 8. Be3
e6 9. c4 Qd7 10. Nc3 cxd4 11. Nxd4 Nxd4 12. Bxd4 Bxe2 13. Nxe2 Be7 14. b3 O-O
15. Qc2 Rfd8 16. Rfd1 Qc7 17. Bxf6 Bxf6 18. Rxd8+ Rxd8 19. Rd1 Rxd1+ 20. Qxd1 h6
21. Ng3 Qc6 22. Qd3 g6 23. Qe4 Qd7 24. Qc2 Kg7 25. Ne4 Qd4 26. g3 Be5 27. Nd2
Bc7 28. Nf3 Qc5 29. Qc3+ f6 30. Qd4 Bd6 31. Qxc5 Bxc5 32. Kg2 a5 33. a4 f5 34.
Ne5 b6 35. h4 Bd4 36. Nc6 Bc3 37. f4 Kf6 38. Kf3 g5 39. hxg5+ hxg5 40. fxg5+
Kxg5 41. Ne7 e5 42. Nd5 Bd4 43. b4 e4+ 44. Ke2 Kg4 45. Ne3+ Kg5 46. b5 f4 47.
gxf4+ Kxf4 48. Ng2+ Ke5 49. Ne3 Bc5 50. Nc2 Kf4 51. Ne1 Ke5 52. Nc2 Kf4 53. Ne1
Ke5 54. Nc2 1/2-1/2

[Event "AUTO-ADV-2515"]
[Site "http://www.queenalice.com/game.php?id=1104034"]
[Date "2012.9.18"]
[Round "2"]
[White "amattar"]
[Black "clovis"]
[Result "0-1"]
[WhiteElo "1835"]
[BlackElo "1969"]

1. d4 d5 2. c4 c6 3. Nc3 e6 4. Nf3 Nf6 5. Bg5 Bb4 6. e3 Qa5 7. Qc2 Ne4 8. O-O-O
Bxc3 9. bxc3 Qxc3 10. Qxc3 Nxc3 11. Rd2 Ne4 12. c5 Nxd2 13. Nxd2 Nd7 14. Bd3 b6
15. Nb3 bxc5 16. dxc5 f6 17. Bh4 Rb8 18. Kc2 Rxb3 19. axb3 Nxc5 20. Ra1 Nxd3 21.
Kxd3 a6 22. Kd4 Ke7 23. Kc5 Bd7 24. Rxa6 Rb8 25. b4 e5 26. Bg3 Rb5# 0-1

[Event "AUTO-ADV-2515"]
[Site "http://www.queenalice.com/game.php?id=1104035"]
[Date "2012.9.18"]
[Round "2"]
[White "clovis"]
[Black "amattar"]
[Result "0-1"]
[WhiteElo "1948"]
[BlackElo "1802"]

1. e4 c5 2. Nf3 d6 3. d4 cxd4 4. Qxd4 Nc6 5. Bb5 Bd7 6. Qd3 Rc8 7. O-O Nf6 8.
Nc3 g6 9. Bg5 Bg7 10. Rad1 O-O 11. h3 a6 12. Ba4 Qb6 13. Bxf6 Bxf6 14. Bb3 Ne5
15. Nxe5 Bxe5 16. Nd5 Qd8 17. Nc3 Bc6 18. f4 Bxc3 19. bxc3 Qb6+ 20. Qd4 Qxd4+
21. Rxd4 Kg7 22. f5 f6 23. fxg6 hxg6 24. Re1 Bd7 25. c4 Rc5 26. e5 fxe5 27. Rd5
Rfc8 28. Rexe5 dxe5 29. Rxd7 R8c7 30. Rd8 e4 31. Kf2 Kf6 32. Ke3 Rg5 33. g4 Re5
34. h4 b5 35. g5+ Kf5 36. cxb5 axb5 37. Rf8+ Kg4 38. Rf4+ Kg3 39. Bf7 Rxc2 40.
Bxg6 Rxa2 41. Bxe4 Re2+ 42. Kxe2 Kxf4 43. g6 Rxe4+ 44. Kd3 Kf5 45. h5 Rg4 0-1

[Event "AUTO-OPEN-2833"]
[Site "http://www.queenalice.com/game.php?id=1118385"]
[Date "2012.11.2"]
[Round "1"]
[White "VascodaGama"]
[Black "amattar"]
[Result "0-1"]
[WhiteElo "1542"]
[BlackElo "1860"]

1. e4 g6 2. Nf3 d6 3. d4 Bg7 4. Bc4 Bg4 5. h3 Bxf3 6. Qxf3 e6 7. d5 e5 8. Nc3
Nf6 9. Bg5 Nbd7 10. O-O c6 11. Bxf6 Nxf6 12. dxc6 bxc6 13. Rfd1 O-O 14. a3 Qc7
15. Bb3 Rfd8 16. Rd2 Rd7 17. Rad1 Rad8 18. Ba4 Ne8 19. Rd3 Re7 20. b4 a6 21. Re1
Nf6 22. Bb3 Qb7 23. Bc4 Nxe4 24. Qxe4 d5 25. Bxd5 cxd5 26. Rxd5 Rc8 27. Rd8+
Rxd8 28. Qxb7 Rxb7 29. f3 Rd2 30. Rc1 Rc7 31. Ne4 Rdxc2 32. Rxc2 Rxc2 0-1

[Event "AUTO-OPEN-2833"]
[Site "http://www.queenalice.com/game.php?id=1118386"]
[Date "2012.11.2"]
[Round "1"]
[White "amattar"]
[Black "VascodaGama"]
[Result "1-0"]
[WhiteElo "1814"]
[BlackElo "1452"]

1. e4 e5 2. f4 d6 3. Nf3 Nc6 4. Bc4 Nf6 5. d3 Qe7 6. O-O Be6 7. Bb5 Bd7 8. c3
O-O-O 9. a4 a6 10. Bc4 d5 11. exd5 Na7 12. Be3 c6 13. fxe5 Ng4 14. Bxa7 Nxe5 15.
Re1 f6 16. d4 b5 17. axb5 axb5 18. dxe5 bxc4 19. d6 Qf7 20. Qa4 Re8 21. Qa6+ 1-0

[Event "AUTO-OPEN-2833"]
[Site "http://www.queenalice.com/game.php?id=1118407"]
[Date "2012.11.2"]
[Round "1"]
[White "Mapelli"]
[Black "amattar"]
[Result "0-1"]
[WhiteElo "1407"]
[BlackElo "1867"]

1. b3 d5 2. Bb2 e5 3. Bxe5 d4 4. g3 f6 5. Bf4 g5 6. Bxg5 fxg5 7. Bg2 Bg7 8. e3
Nf6 9. e4 Nc6 10. Nh3 Bxh3 11. Bxh3 h5 12. Qe2 Qe7 13. d3 g4 14. Bg2 O-O-O 15.
c3 Rhe8 16. O-O Kb8 17. cxd4 Nxd4 18. Qe1 Qe5 0-1

[Event "AUTO-OPEN-2833"]
[Site "http://www.queenalice.com/game.php?id=1118408"]
[Date "2012.11.2"]
[Round "1"]
[White "amattar"]
[Black "Mapelli"]
[Result "1-0"]
[WhiteElo "1869"]
[BlackElo "1405"]

1. e4 g6 2. d4 Bg7 3. c4 b6 4. Nf3 Bb7 5. d5 Nh6 6. Nc3 O-O 7. Bd3 e6 8. O-O
exd5 9. exd5 c6 10. d6 b5 11. Ne2 bxc4 12. Bxc4 Qf6 13. Bg5 Qxb2 14. Rb1 Qa3 15.
Rxb7 Ng4 16. Be7 Re8 17. Ng5 Ne5 18. Bb3 Na6 19. f4 1-0

[Event "AUTO-OPEN-2833"]
[Site "http://www.queenalice.com/game.php?id=1118419"]
[Date "2012.11.2"]
[Round "1"]
[White "vinoseco"]
[Black "amattar"]
[Result "0-1"]
[WhiteElo "1569"]
[BlackElo "1863"]

1. e4 g6 2. d3 Bg7 3. Be2 d5 4. Nc3 d4 5. Nd5 c6 6. Nf4 e5 7. Nfh3 Nf6 8. Bg5
O-O 9. Nf3 Nbd7 10. Nd2 a5 11. O-O Qb6 12. b3 c5 13. g4 Qc7 14. Nc4 b5 15. Na3
Ba6 16. Bxf6 Nxf6 17. f3 Qd7 18. Nf2 Bh6 19. c4 b4 20. Nc2 Bc8 21. Nh3 Bg7 22.
a3 h5 23. Ng5 Bh6 24. Nh3 hxg4 25. fxg4 Nxg4 26. Bxg4 Qxg4+ 27. Qxg4 Bxg4 28.
Nf2 Be6 29. axb4 axb4 30. Rxa8 Rxa8 31. Ne1 Be3 32. Nf3 Bh3 33. Rb1 Ra2 34. Ng5
Rxf2 35. Nxh3 Rb2+ 36. Kf1 Rxb1+ 37. Ke2 Rxb3 38. Nf2 Rb2+ 39. Kf3 Rxf2+ 40. Kg3
b3 41. h4 b2 0-1

[Event "AUTO-OPEN-2833"]
[Site "http://www.queenalice.com/game.php?id=1118420"]
[Date "2012.11.2"]
[Round "1"]
[White "amattar"]
[Black "vinoseco"]
[Result "1-0"]
[WhiteElo "1813"]
[BlackElo "1541"]

1. e4 e5 2. f4 exf4 3. Nf3 d6 4. Bc4 Bg4 5. Nc3 c6 6. d4 Qf6 7. O-O Qg6 8. Bxf4
Bh3 9. Bg3 Bg4 10. Qe1 Bxf3 11. Rxf3 Nh6 12. Qe2 Nd7 13. Raf1 f6 14. e5 d5 15.
exf6+ Kd8 16. Nxd5 cxd5 17. Bxd5 Rc8 18. fxg7 Bxg7 19. c3 b6 20. Bb7 Rc7 21. Qa6
b5 22. Qxa7 Rc4 23. Ba6 Ra4 24. Qc7+ Ke8 25. Re3+ Be5 26. Rxe5+ Nxe5 27. Bxb5+
Nd7 28. Qxd7# 1-0

[Event "AUTO-ADV-2667"]
[Site "http://www.queenalice.com/game.php?id=1118482"]
[Date "2012.11.3"]
[Round "1"]
[White "sia"]
[Black "amattar"]
[Result "1-0"]
[WhiteElo "1953"]
[BlackElo "1740"]

1. g3 d5 2. Bg2 c5 3. b3 Nc6 4. Bb2 e5 5. Nc3 Be6 6. d3 Nf6 7. Nf3 Be7 8. O-O
O-O 9. e3 a6 10. Ne2 Nd7 11. c3 Bf6 12. Qd2 Rc8 13. c4 d4 14. Rad1 g6 15. Ba3
Bg7 16. exd4 exd4 17. Ng5 Bh6 18. Nxe6 Bxd2 19. Nxd8 Nxd8 20. Rxd2 Ne6 21. Bxb7
Rc7 22. Bxa6 Ra7 23. Bb5 Ne5 24. f4 Ng4 25. Bxc5 Nxc5 26. Nxd4 Ne3 27. Rf3 Ng4
28. Nc6 Rc7 29. b4 Ne6 30. d4 Nf6 31. d5 Nd8 32. Nxd8 Rxd8 33. d6 1-0

[Event "AUTO-ADV-2667"]
[Site "http://www.queenalice.com/game.php?id=1118483"]
[Date "2012.11.3"]
[Round "1"]
[White "amattar"]
[Black "sia"]
[Result "0-1"]
[WhiteElo "1733"]
[BlackElo "2013"]

1. d4 e6 2. c4 Nf6 3. Nf3 Be7 4. g3 c6 5. Bg2 d6 6. Nc3 Bd7 7. e4 Qa5 8. O-O O-O
9. Bd2 Qb6 10. Qc2 Na6 11. a3 h6 12. Rad1 Rac8 13. Qc1 Kh7 14. e5 Ne8 15. Be3
Qc7 16. h4 b6 17. Rfe1 dxe5 18. Nxe5 Bf6 19. Ng4 Be7 20. Bxh6 gxh6 21. Qxh6+ Kg8
22. Ne4 f5 23. Ng5 Bxg5 24. hxg5 Rf7 25. Nf6+ Nxf6 26. gxf6 Rh7 27. Qg6+ Kh8 28.
f7 Qd8 29. Bf3 Qf8 30. Qf6+ Qg7 31. Qxg7+ Kxg7 32. Kg2 Kxf7 33. Rh1 Rch8 34. d5
cxd5 0-1

[Event "AUTO-ADV-2667"]
[Site "http://www.queenalice.com/game.php?id=1118498"]
[Date "2012.11.3"]
[Round "1"]
[White "Football_rules"]
[Black "amattar"]
[Result "0-1"]
[WhiteElo "1778"]
[BlackElo "1822"]

1. e4 c5 2. Bc4 d6 3. d3 Nf6 4. h3 g6 5. Nf3 Bg7 6. Ng5 e6 7. O-O O-O 8. Nc3 a6
9. Nf3 b5 10. Bb3 Bb7 11. a3 Nc6 12. Bg5 Nd4 13. Nxd4 cxd4 14. Ne2 e5 15. Ng3
Qc7 16. Qf3 Nd7 17. Rae1 Nc5 18. Ba2 Bc6 19. b4 Na4 20. Qg4 Bd7 21. Qh4 Rac8 22.
Bb3 Nc3 23. Be7 Rfe8 24. f4 Be6 25. Bg5 d5 26. f5 Bxf5 27. exf5 Qd6 28. fxg6
Qxg6 29. Nf5 f6 30. Bd2 Rcd8 31. Rf3 Rd7 32. Bh6 Bxh6 33. Rg3 Bg5 34. Qg4 Rc7
35. Nd6 h5 36. Qf3 Kh7 37. Nxe8 Rd7 38. Nxf6+ Qxf6 39. Qxh5+ Qh6 40. Qe8 Re7 41.
Qc8 Rg7 42. Qf5+ Qg6 43. Qxe5 Qh6 44. Qxd4 Bf6 45. Rxg7+ Qxg7 46. Qb6 Bd4+ 47.
Qxd4 Qxd4+ 48. Kh1 Qh4 49. Re6 Kg7 50. Rxa6 Qe1+ 51. Kh2 Qf2 52. Rc6 Ne2 53.
Rc7+ Kg6 54. Bxd5 Qg1# 0-1

[Event "AUTO-ADV-2667"]
[Site "http://www.queenalice.com/game.php?id=1118499"]
[Date "2012.11.3"]
[Round "1"]
[White "amattar"]
[Black "Football_rules"]
[Result "1-0"]
[WhiteElo "1848"]
[BlackElo "1760"]

1. d4 d5 2. c4 e6 3. Nf3 f6 4. a3 dxc4 5. e4 Nc6 6. Bxc4 a6 7. Nc3 Bd6 8. O-O g5
9. Nxg5 fxg5 10. Qh5+ Kd7 11. Bxg5 Nf6 12. Qf7+ Qe7 13. Bxe6+ Kd8 14. Qxf6 Qxf6
15. Bxf6+ Be7 16. Bxh8 Bxe6 17. d5 Na5 18. dxe6 Nb3 19. Rad1+ Kc8 20. e5 Kb8 21.
Bf6 Bc5 22. e7 Ka7 23. Rd8 Bxe7 24. Bxe7 Rxd8 25. Bxd8 1-0

[Event "AUTO-ADV-2667"]
[Site "http://www.queenalice.com/game.php?id=1118510"]
[Date "2012.11.3"]
[Round "1"]
[White "amattar"]
[Black "REIDID93"]
[Result "0-1"]
[WhiteElo "1854"]
[BlackElo "1927"]

1. d4 Nf6 2. c4 g6 3. Nc3 Bg7 4. e4 d6 5. Bd3 O-O 6. Nge2 e5 7. d5 Nbd7 8. Bd2
c6 9. O-O a5 10. Ng3 Nc5 11. Be2 Ne8 12. f4 f5 13. fxe5 Bxe5 14. Bh6 Bg7 15.
Bxg7 Kxg7 16. exf5 Bxf5 17. Nxf5+ gxf5 18. Qd4+ Qf6 19. Qf4 Qe5 20. Qg5+ Kh8 21.
Bg4 Ng7 22. Bh3 Nd3 23. Qg3 Qxg3 24. hxg3 Nxb2 25. dxc6 bxc6 26. Rf4 Rae8 27.
Kh2 Re3 28. Nd1 Nxd1 29. Rxd1 Nh5 30. Rxd6 Nxf4 31. gxf4 Re4 32. Rxc6 Rxf4 33.
c5 Rc4 34. Rc7 a4 35. c6 h5 36. a3 Rc5 37. Ra7 Rxc6 38. Rxa4 Kg7 39. Ra7+ Kg6
40. a4 Rd8 41. a5 Rd5 42. Ra8 Kg7 43. a6 Ra5 44. g3 Ra2+ 45. Bg2 Rcc2 46. a7
Rxg2+ 47. Kh3 Rh2# 0-1

[Event "AUTO-ADV-2667"]
[Site "http://www.queenalice.com/game.php?id=1118511"]
[Date "2012.11.3"]
[Round "1"]
[White "REIDID93"]
[Black "amattar"]
[Result "0-1"]
[WhiteElo "1918"]
[BlackElo "1841"]

1. c4 e5 2. Nc3 Nf6 3. g3 c6 4. Bg2 Be7 5. e3 d5 6. cxd5 cxd5 7. Nge2 O-O 8. O-O
Nc6 9. d4 e4 10. Qb3 Rb8 11. Nf4 Na5 12. Qc2 b6 13. a3 Bb7 14. b4 Nc4 15. Bh3
Bc8 16. Bg2 Bb7 17. Bb2 b5 18. Nxb5 Ba6 19. Nxa7 Nxb2 20. Nc6 Qc7 21. Nxe7+ Qxe7
22. Qxb2 Bxf1 23. Bxf1 Rfc8 24. b5 g5 25. Nh3 Nd7 26. a4 Nb6 27. a5 Nc4 28. Qb3
Nd2 29. Qxd5 h6 30. b6 Qb4 31. Bg2 g4 32. Bxe4 gxh3 33. Bf5 Qb2 34. Rd1 Rc1 35.
Bg4 Rxd1+ 36. Bxd1 Qa1 37. Qh5 Nc4 38. Qg4+ Kh7 39. Kf1 Nxa5 40. Ke1 Rxb6 41.
Qf5+ Kg7 42. Qg4+ Kh8 43. Qc8+ Kh7 44. Qf5+ Kg8 45. Qg4+ Kh7 46. Qxh3 Qc3+ 47.
Ke2 Rb2+ 48. Kf3 Qc6+ 49. Kf4 Rxf2+ 50. Kg4 Qg6+ 51. Kh4 Qg5# 0-1

[Event "AUTO-OPEN-2833"]
[Site "http://www.queenalice.com/game.php?id=1136043"]
[Date "2013.1.1"]
[Round "2"]
[White "Rubens2009"]
[Black "amattar"]
[Result "1-0"]
[WhiteElo "1767"]
[BlackElo "1860"]

1. e4 c5 2. Nf3 d6 3. d4 cxd4 4. Nxd4 a6 5. Bd3 Nf6 6. O-O g6 7. f4 Bg7 8. Be3
Nc6 9. c3 O-O 10. Nxc6 bxc6 11. Nd2 Bg4 12. Be2 Bxe2 13. Qxe2 Qd7 14. Bd4 e5 15.
fxe5 dxe5 16. Bxe5 Qe6 17. Nc4 Nd7 18. Bxg7 Kxg7 19. Rad1 Ne5 20. Nxe5 Qxe5 21.
Rd7 Qc5+ 22. Kh1 Rae8 23. Qf3 Re7 24. Qf6+ Kg8 25. Rxe7 1-0

[Event "AUTO-OPEN-2833"]
[Site "http://www.queenalice.com/game.php?id=1136044"]
[Date "2013.1.1"]
[Round "2"]
[White "amattar"]
[Black "Rubens2009"]
[Result "0-1"]
[WhiteElo "1840"]
[BlackElo "1787"]

1. d4 d5 2. c4 c5 3. Nc3 dxc4 4. dxc5 Qxd1+ 5. Nxd1 e5 6. e4 Be6 7. Be3 Nc6 8.
Nc3 O-O-O 9. Rd1 Rxd1+ 10. Kxd1 Be7 11. Nf3 Nf6 12. h3 Rd8+ 13. Kc2 h6 14. Be2
Nb4+ 15. Kb1 Nd3 16. Rd1 Bxc5 17. Bxc5 Nxc5 18. Rxd8+ Kxd8 19. Nd2 a6 20. Nxc4
Ncxe4 21. Nxe4 Nxe4 22. f3 Bxc4 23. Bxc4 Nd2+ 0-1